Computer Automation in Manufacturing /
Uložené v:
| Hlavný autor: | |
|---|---|
| Médium: | Kniha |
| Jazyk: | English |
| Vydavateľské údaje: |
London :
Chapman and Hall,
1996
|
| Vydanie: | 1.Ed. |
| Predmet: | |
| Tagy: |
Žiadne tagy, Buďte prvý, kto otaguje tento záznam!
|
MARC
| LEADER | 00000nam a22000003a 4500 | ||
|---|---|---|---|
| 001 | stu46021 | ||
| 005 | 20150617225710.4 | ||
| 008 | 971120s1996----uk------------------eng-d | ||
| 020 | |a 0-412-60230-X | ||
| 040 | |a STU |b slo | ||
| 041 | 0 | |a eng | |
| 044 | |a uk | ||
| 080 | |a 658.52.011.56 |7 stu_us_auth*stu8281 | ||
| 080 | |a 681.3 | ||
| 100 | 1 | |a Boucher, Thomas O |4 aut | |
| 245 | 1 | |a Computer Automation in Manufacturing / |c [aut.]Thomas O. Boucher | |
| 250 | |a 1.Ed. | ||
| 260 | |a London : |b Chapman and Hall, |c 1996 | ||
| 300 | |a 375 s | ||
| 650 | 7 | |a Výroba automatizovaná počítačová |2 stusub | |
| 650 | 7 | |a CAM |2 stusub | |
| 996 | |b 284M019965 |c M*9616-1 |l MMKN |s A |a 24 |w stu46021_0001 | ||